[Event "World School-ch U13"]
[Site "Sochi"]
[Date "2016.12.08"]
[Round "5"]
[White "Shah, Rishab"]
[Black "Ezizov, Muhammet"]
[Result "1-0"]
[WhiteElo "1888"]
[BlackElo "1750"]
[PlyCount "105"]
[EventDate "2016.12.03"]
[EventType "swiss"]
[EventRounds "9"]
[EventCountry "RUS"]
[SourceTitle "EXT 2018"]
[Source "ChessBase"]
[SourceDate "2017.10.13"]
[SourceVersion "1"]
[SourceVersionDate "2017.10.13"]
[SourceQuality "1"]

1. e4 e6 2. d4 d5 3. Nd2 Nf6 4. e5 Nfd7 5. c3 c5 6. f4 Nc6 7. Ndf3 cxd4 8. cxd4 Bb4+ 9. Kf2 0-0 10. Bd3 f6 11. Kg3 Be7 12. h4 f5 13. h5 Re8 14. Ne2 Nf8 15. Be3 Bd7 16. Nc3 Na5 17. Qe2 Rc8 18. Rag1 Nc4 19. Bc1 Bb4 20. Nb1 Rc6 21. Kh3 Ba5 22. b3 Nb6 23. Ba3 Nc8 24. g4 Re7 25. Bxe7 Qxe7 26. Rg3 g6 27. Rhg1 Qf7 28. gxf5 exf5 29. Ng5 Qe7 30. Qg2 Ne6 31. Nxe6 Bxe6 32. hxg6 h6 33. Qf3 Kg7 34. Qh5 Bd8 35. Rh1 Qf8 36. Kg2 Qh8 37. Bxf5 Bxf5 38. Qxf5 Rc7 39. Qd3 Ne7 40. Nc3 Rxc3 41. Qxc3 Nf5 42. Qc8 Nxg3 43. Qd7+ Kxg6 44. Kxg3 Qf8 45. Qg4+ Kh7 46. f5 Qf7 47. f6 Qc7 48. Qf5+ Kg8 49. Qg6+ Kf8 50. Qxh6+ Kf7 51. Qh7+ Ke6 52. Qg8+ Qf7 53. Qg4# 1-0

[Event "Wch U12"]
[Site "Durban"]
[Date "2014.09.25"]
[Round "7"]
[White "Sargsyan, Shant"]
[Black "Ezizov, Muhammet"]
[Result "1-0"]
[WhiteElo "2077"]
[BlackElo "1738"]
[PlyCount "27"]
[EventDate "2014.09.20"]
[EventType "swiss"]
[EventRounds "11"]
[EventCountry "RSA"]
[SourceTitle "CBM 162 Extra"]
[Source "ChessBase"]
[SourceDate "2014.10.17"]
[SourceVersion "1"]
[SourceVersionDate "2014.10.17"]
[SourceQuality "1"]

1. e4 c6 2. d4 d5 3. Nd2 dxe4 4. Nxe4 Nf6 5. Nxf6+ gxf6 6. c3 Bf5 7. Ne2 e6 8. Ng3 Bg6 9. h4 h6 10. h5 Bh7 11. Bf4 Nd7 12. Bd3 Bxd3 13. Qxd3 Nb6 14. 0-0 1-0

[Event "Wch U12"]
[Site "Durban"]
[Date "2014.09.23"]
[Round "6"]
[White "Ezizov, Muhammet"]
[Black "Esipenko, Andrey"]
[Result "0-1"]
[WhiteElo "1738"]
[BlackElo "2315"]
[PlyCount "76"]
[EventDate "2014.09.20"]
[EventType "swiss"]
[EventRounds "11"]
[EventCountry "RSA"]
[SourceTitle "CBM 162 Extra"]
[Source "ChessBase"]
[SourceDate "2014.10.17"]
[SourceVersion "1"]
[SourceVersionDate "2014.10.17"]
[SourceQuality "1"]

1. e4 c5 2. Nf3 e6 3. d4 cxd4 4. Nxd4 a6 5. Nc3 Qc7 6. Be2 Nf6 7. 0-0 d6 8. f4 Be7 9. Be3 0-0 10. Kh1 b5 11. Bf3 Bb7 12. f5 e5 13. Nb3 b4 14. Nd5 Bxd5 15. exd5 Nbd7 16. Qd3 a5 17. Nd2 Rfc8 18. Rac1 Nc5 19. Bxc5 Qxc5 20. c4 Qa7 21. g4 Nd7 22. Ne4 Nc5 23. Nxc5 Qxc5 24. Be4 Bg5 25. Rc2 f6 26. Qf3 a4 27. Qd3 Rab8 28. b3 axb3 29. Qxb3 Rb6 30. Qa4 Rb7 31. Rb1 Qd4 32. Bg2 b3 33. axb3 Ra7 34. Qb4 Ra1 35. Rf1 Rxf1+ 36. Bxf1 Qd1 37. Rf2 Be3 38. Qb7 Rf8 0-1

[Event "Wch U10"]
[Site "Al Ain"]
[Date "2013.12.24"]
[Round "8"]
[White "Ezizov, Muhammet"]
[Black "Peng, David T"]
[Result "0-1"]
[WhiteElo "1746"]
[BlackElo "2042"]
[PlyCount "120"]
[EventDate "2013.12.18"]
[EventType "swiss"]
[EventRounds "11"]
[EventCountry "UAE"]
[SourceTitle "CBM 158 Extra"]
[Source "ChessBase"]
[SourceDate "2014.02.28"]
[SourceVersion "1"]
[SourceVersionDate "2014.02.28"]
[SourceQuality "1"]

1. e4 c5 2. Nc3 Nc6 3. g3 g6 4. Bg2 Bg7 5. Nge2 Nf6 6. d3 0-0 7. 0-0 d6 8. h3 Rb8 9. f4 Bd7 10. g4 b5 11. Ng3 Ne8 12. Rb1 Qa5 13. Bd2 b4 14. Nce2 Qxa2 15. Ra1 Qxb2 16. e5 dxe5 17. Bd5 exf4 18. Bxf4 Qxa1 19. Qxa1 Bxa1 20. Bxc6 e5 21. Bh6 Bxc6 22. Bxf8 Bd4+ 23. Nxd4 cxd4 24. Bc5 a5 25. Ra1 a4 26. Ne2 b3 27. cxb3 Rxb3 28. Bxd4 exd4 29. Nxd4 Rc3 30. Nxc6 Rxc6 31. Rxa4 Rc2 32. Ra8 Kf8 33. d4 Rd2 34. Ra4 Nc7 35. Rc4 Ne6 36. d5 Rxd5 37. Kg2 Rd3 38. h4 Kg7 39. Re4 Rd4 40. Re1 Rxg4+ 41. Kh3 h5 42. Ra1 Nf4+ 43. Kh2 Rxh4+ 44. Kg3 g5 45. Ra7 Rh3+ 46. Kf2 g4 47. Ra4 Rf3+ 48. Kg1 g3 49. Ra5 g2 50. Rg5+ Kf6 51. Rxg2 Nxg2 52. Kxg2 Ra3 53. Kh2 Kf5 54. Kg2 Kg4 55. Kf2 h4 56. Kg2 Ra2+ 57. Kg1 Kg3 58. Kf1 h3 59. Ke1 h2 60. Kf1 h1Q# 0-1

[Event "Wch U10"]
[Site "Al Ain"]
[Date "2013.12.23"]
[Round "7"]
[White "Nogerbek, Kazybek"]
[Black "Ezizov, Muhammet"]
[Result "1/2-1/2"]
[WhiteElo "1544"]
[BlackElo "1746"]
[PlyCount "102"]
[EventDate "2013.12.18"]
[EventType "swiss"]
[EventRounds "11"]
[EventCountry "UAE"]
[SourceTitle "CBM 158 Extra"]
[Source "ChessBase"]
[SourceDate "2014.02.28"]
[SourceVersion "1"]
[SourceVersionDate "2014.02.28"]
[SourceQuality "1"]

1. d4 Nf6 2. Nf3 d5 3. g3 g6 4. Bg2 Bg7 5. 0-0 0-0 6. c4 e6 7. Qc2 Nc6 8. Bg5 h6 9. cxd5 exd5 10. Bf4 Be6 11. Nc3 a6 12. Rfd1 g5 13. Bc1 Qd6 14. a3 Nd7 15. b3 g4 16. Bf4 Qe7 17. Ne5 Ncxe5 18. dxe5 c6 19. e4 d4 20. Rxd4 Nxe5 21. Bxe5 Bxe5 22. Rd3 Rad8 23. b4 Qf6 24. Rad1 Rxd3 25. Rxd3 Bc4 26. Re3 Rd8 27. Na4 Bb5 28. Nc5 b6 29. Nb3 Bb2 30. Nc1 Bd4 31. Re1 Ba4 32. Qe2 h5 33. e5 Qe7 34. Nd3 Bb5 35. Be4 Bxd3 36. Bxd3 Qxe5 37. Qxe5 Bxe5 38. Bxa6 Bb2 39. a4 Bc3 40. Re4 Rd1+ 41. Kg2 Ra1 42. Rc4 Be1 43. Rxc6 Rxa4 44. b5 Ra2 45. Rf6 Kg7 46. Rf4 Bd2 47. Re4 Rb2 48. Re2 Bc3 49. Rxb2 Bxb2 50. h3 Kg6 51. Bc8 Kg5 1/2-1/2

[Event "Istanbul op-B 12th"]
[Site "Istanbul"]
[Date "2013.10.15"]
[Round "5"]
[White "Mihciyazgan, Can"]
[Black "Ezizov, Muhammet"]
[Result "1-0"]
[WhiteElo "1765"]
[BlackElo "1752"]
[PlyCount "129"]
[EventDate "2013.10.12"]
[EventType "swiss"]
[EventRounds "9"]
[EventCountry "TUR"]
[SourceTitle "EXT 2014"]
[Source "ChessBase"]
[SourceDate "2013.11.20"]
[SourceVersion "1"]
[SourceVersionDate "2013.11.20"]
[SourceQuality "1"]

1. e4 c6 2. d4 d5 3. e5 Bf5 4. Bd3 Bxd3 5. Qxd3 e6 6. Nf3 Ne7 7. Nc3 Nf5 8. Ne2 Be7 9. Ng3 Nh4 10. Nxh4 Bxh4 11. Nh5 0-0 12. Qh3 f5 13. Nf4 Re8 14. g4 fxg4 15. Qxg4 Qg5 16. Qxg5 Bxg5 17. Nxe6 Bxc1 18. Nc7 Bxb2 19. Nxe8 Na6 20. Rb1 Bc3+ 21. Ke2 Rxe8 22. Kd3 Ba5 23. Rxb7 Bb6 24. a4 c5 25. c3 cxd4 26. cxd4 Nb4+ 27. Kc3 Nc6 28. Rd1 Rc8 29. Kd3 Bxd4 30. f4 Bb6 31. Ke2 Nd4+ 32. Kf1 Ne6 33. a5 Be3 34. f5 Nf4 35. e6 g6 36. f6 Nxe6 37. Re7 Rc6 38. Rb1 Bf4 39. Rbb7 Nf8 40. Rg7+ Kh8 41. Rbf7 Rc8 42. Rxa7 d4 43. Ke2 Bxh2 44. Rge7 g5 45. Rab7 g4 46. a6 d3+ 47. Kxd3 g3 48. Rg7 Ne6 49. Rxh7+ Kg8 50. f7+ Kxh7 51. f8Q+ Rc7 52. Rxc7+ Nxc7 53. Qf7+ Kh6 54. Qxc7 Kg5 55. Ke2 Kh4 56. Kf3 Kg5 57. Qxg3+ Bxg3 58. Kxg3 Kf5 59. a7 Ke6 60. a8Q Ke5 61. Qd8 Ke6 62. Kf4 Kf7 63. Kg5 Kg7 64. Qc7+ Kf8 65. Kf6 1-0

[Event "Gebze op"]
[Site "Gebze"]
[Date "2013.10.05"]
[Round "6"]
[White "Ezizov, Muhammet"]
[Black "Kovacevic, Aleksandar"]
[Result "0-1"]
[WhiteElo "1752"]
[BlackElo "2564"]
[PlyCount "78"]
[EventDate "2013.10.03"]
[EventType "swiss"]
[EventRounds "7"]
[EventCountry "TUR"]
[SourceTitle "CBM 157 Extra"]
[Source "ChessBase"]
[SourceDate "2013.12.19"]
[SourceVersion "1"]
[SourceVersionDate "2013.12.19"]
[SourceQuality "1"]

1. e4 c5 2. Nc3 Nc6 3. Nf3 g6 4. d4 cxd4 5. Nxd4 Bg7 6. Be3 Nf6 7. Nxc6 bxc6 8. Bd3 0-0 9. 0-0 d5 10. exd5 cxd5 11. Bc5 Qc7 12. b4 Ng4 13. g3 Bxc3 14. Rb1 a5 15. a3 axb4 16. axb4 Ne5 17. Be2 Bh3 18. Qxd5 Rfd8 19. Qb3 Qc6 20. f3 Bxf1 21. Qxc3 Bxe2 22. Qxe5 Bxf3 23. Rf1 Rd2 24. Rf2 Rd1+ 25. Rf1 Qe4 26. Qxe4 Rxf1+ 27. Kxf1 Bxe4 28. Bxe7 Bxc2 29. Kf2 f5 30. Bc5 Kf7 31. Ke3 Ke6 32. Kf4 h6 33. h4 Ra3 34. g4 Bd1 35. gxf5+ gxf5 36. Be3 Rb3 37. b5 Rxb5 38. Kg3 Rb3 39. Kf2 f4 0-1